000 00647nam a22002537a 4500
001 BR9902790
003 BR-BrBNA
005 20230928100359.0
007 ta
008 230509b bl.||||| |||| 00| 0 por d
040 _aBR-BrBNA
_bpor
_cBiblioteca Nacional de Agricultura
041 _a(Por)
072 _aE50
090 _ E50 BR9902790
100 1 _aTeixeira, S.A.
245 1 _aDicas de alimentos e plantas para a saude
260 3 _aRio de Janeiro, RJ (Brasil):
_c1983.
300 _a97 p.
500 _a33 illus.
650 _aPlanta Medicinal
650 _aSaude Publica
909 _a202309
_bLucia
_c55
_dLucia Elande
942 _cBK
999 _c61127
_d61127